| 000 | 00872cam a22002653a 4500 | ||
|---|---|---|---|
| 001 | 18433 | ||
| 003 | PGUSA | ||
| 005 | 20140828083407.0 | ||
| 008 | 060522s2006||||xxu|||||s|||||000 1 eng d | ||
| 040 |
_aPGUSA _beng |
||
| 042 | _adc | ||
| 050 | 4 | _aPT | |
| 100 | 1 |
_aZschokke, Heinrich, _d1771-1848 |
|
| 245 | 1 | 0 |
_aKultala : _bHyƶdyllinen ja huvittava historia, yhteiselle kansalle luettavaksi annettu _h[electronic resource] / _cHeinrich Zschokke |
| 260 |
_bProject Gutenberg, _c2006 |
||
| 500 | _aTranslation of: Das Goldmacherdorf | ||
| 506 | _aPublic domain in the USA. | ||
| 516 | _aElectronic text | ||
| 653 | _aGermany -- Social life and customs -- Fiction | ||
| 653 | _aVillages -- Germany -- Fiction | ||
| 700 | 1 |
_aKeckman, Carl Niclas, _d1793-1838 |
|
| 830 | 0 |
_aProject Gutenberg _v18433 |
|
| 856 | 4 | 0 | _uhttp://www.gutenberg.org/ebooks/18433 |
| 942 | _cEB | ||
| 999 |
_c247688 _d247688 |
||